Dinámica de la contienda política (Registro nro. 307703)

Detalles MARC
000 -ENCABEZADO
Número de control [NR] 01261cam a2200337 a 4500
005 - FECHA Y HORA DE LA ÚLTIMA TRANSACCIÓN
control field 20211105120845.0
008 - DE LONGITUD FIJA DE DATOS DE ELEMENTOS - INFORMACIÓN GENERAL
Elementos de longitud fija [NR] 171108s2005 sp ad r 001 0 spa d
015 ## - NUMERO DE BIBLIOGRAFIA NACIONAL [R]
Número de bibliografía nacional [R] NNN
020 ## - NUMERO INTERNACIONAL NORMALIZADO PARA LIBROS [R]
Número Internacional Normalizado del libro [NR] 8488711700
020 ## - NUMERO INTERNACIONAL NORMALIZADO PARA LIBROS [R]
Número Internacional Normalizado del libro [NR] 9788488711700
035 ## - NUMERO DE CONTROL DEL SISTEMA [R]
Número de control del sistema [NR] (Sirsi) a634347
040 ## - FUENTE DE CATALOGACION [NR]
Agencia de catalogación original [NR] CO-BoUCM
Idioma de catalogación [NR] spa
Quien Cataloga Saul Niño
Quien Clasifica Saul Niño
041 0# - CODIGO DE IDIOMA [R]
Código de idioma para texto/pista de sonido o título separado [R] Español
100 1# - ASIENTO PRINCIPAL--NOMBRE PERSONAL [NR]
Nombre personal [NR] McAdam, Doug
Fechas asociadas con el nombre [NR] 1951-
ID Autoridad 88639
245 10 - MENCION DE TITULO [NR]
Título [NR] Dinámica de la contienda política
Mención de responsabilidad, etc. [NR] Doug McAdam, Sidney G.Tarrow y Charles Tilly ; con un prólogo de Pedro Ibarra y Salvador Martí Puig; traducción Joan Quesada
260 ## - PUBLICACION, DISTRIBUCION, ETC. (PIE DE IMPRENTA) [R]
Lugar de publicación, distribución, etc. [R] Barcelona, España
Nombre del editor, distribuidor, etc. [R] Hacer Editorial
Fecha de publicación, distribución, etc. [R] 2005
300 ## - DESCRIPCION FISICA [R]
Extensión [R] xxxii, 415 páginas
Otros detalles físicos [NR] ilustraciones, gráficas
490 0# - MENCION DE SERIE [R]
Mención de serie [R] Biblioteca de filosofía y ciencias sociales
650 #7 - ASIENTO SECUNDARIO DE MATERIA - TERMINO TEMATICO [R]
Término temático o nombre geográfico como elemento de entrada [NR] Movimientos sociales
9 (RLIN) 19847
650 #7 - ASIENTO SECUNDARIO DE MATERIA - TERMINO TEMATICO [R]
Término temático o nombre geográfico como elemento de entrada [NR] Conducta colectiva
9 (RLIN) 11519
650 #7 - ASIENTO SECUNDARIO DE MATERIA - TERMINO TEMATICO [R]
Término temático o nombre geográfico como elemento de entrada [NR] Revoluciones
9 (RLIN) 370
650 #7 - ASIENTO SECUNDARIO DE MATERIA - TERMINO TEMATICO [R]
Término temático o nombre geográfico como elemento de entrada [NR] Democracia
9 (RLIN) 12617
700 1# - ASIENTO SECUNDARIO - NOMBRE PERSONAL [R]
Nombre personal [NR] Tarrow, Sidney G.
Fechas asociadas con el nombre [NR] 1938-
9 (RLIN) 88640
700 1# - ASIENTO SECUNDARIO - NOMBRE PERSONAL [R]
Nombre personal [NR] Tilly, Charles
Fechas asociadas con el nombre [NR] 1929-2008
9 (RLIN) 88641
700 1# - ASIENTO SECUNDARIO - NOMBRE PERSONAL [R]
Nombre personal [NR] Ibarra Güell, Pedro
9 (RLIN) 88642
700 1# - ASIENTO SECUNDARIO - NOMBRE PERSONAL [R]
Nombre personal [NR] Martí i Puig, Salvador
Fechas asociadas con el nombre [NR] 1969-
9 (RLIN) 88643
700 1# - ASIENTO SECUNDARIO - NOMBRE PERSONAL [R]
Nombre personal [NR] Quesada, Joan
9 (RLIN) 88644
765 ## - ASIENTO DE IDIOMA ORIGINAL [R]
Título [NR] Dynamics of contention
942 ## - ELEMENTOS DE ENTRADA AGREGADOS (KOHA)
Sistema de clasificación DEWEY
Tema principal Sociología
Tipo de ítem principal el descrito en 300a Libro
Edición 1
Clasificación 303.484
Parte restante de la signatura top. M487di
Existencias
Fecha de último préstamo Total préstamos Total Renewals Signatura topográfica Código de barras Última vez visto Ejemplar Costo de reposición Price effective from Tipo de ítem Perdido Sistema de clasificación Dañado No prestable Tipo de ítem específico Suprimido Ubicación habitual Ubicación actual Localización Fecha de creación Proveedor Forma de adquisición Costo
20/08/2025 4 5 303.484 M487di 100154911 09/12/2025 Ej.2 160305.00 02/11/2017 Libro   DEWEY     Libro   Claustro Claustro 2do piso 02/11/2017 37 Compra 160305.00
20/03/2018 1   303.484 M487di 100155132 09/12/2025 Ej.1 160305.00 03/11/2017 Libro de reserva   DEWEY     Libro de reserva   Claustro Claustro 2do piso 03/11/2017 37 Compra 160305.00